<?xml version="1.0" encoding="UTF-8"?>
<collection xmlns:xsi="http://www.w3.org/2001/XMLSchema-instance" xsi:schemaLocation="http://www.loc.gov/MARC21/slim http://www.loc.gov/standards/marcxml/schema/MARC21slim.xsd" xmlns="http://www.loc.gov/MARC21/slim">
 <record>
  <leader>00000nam a22000004a 4500</leader>
  <controlfield tag="001">UP-1685936960461364095</controlfield>
  <controlfield tag="003">Buklod</controlfield>
  <controlfield tag="005">20240402105339.0</controlfield>
  <controlfield tag="006">m    |o  d |      </controlfield>
  <controlfield tag="007">ta</controlfield>
  <controlfield tag="008">240123s2023    xxu     rm   |||| u|eng d</controlfield>
  <datafield tag="040" ind1="0" ind2=" ">
   <subfield code="a">DCHE</subfield>
   <subfield code="e">rda</subfield>
  </datafield>
  <datafield tag="041" ind1="0" ind2=" ">
   <subfield code="a">eng</subfield>
  </datafield>
  <datafield tag="090" ind1="0" ind2="0">
   <subfield code="a">LG 993.5 2023 F66</subfield>
   <subfield code="b">A26</subfield>
  </datafield>
  <datafield tag="100" ind1="1" ind2=" ">
   <subfield code="a">Abog, Jeremiah A.</subfield>
   <subfield code="e">author.</subfield>
  </datafield>
  <datafield tag="245" ind1="1" ind2="0">
   <subfield code="a">Detection of honey adulteration with C3, C4, and CAM sugar syrups using Laser-Induced Breakdown Spectroscopy</subfield>
   <subfield code="c">Jeremiah A. Abog; Prof. Mria Leonora Lotis dL. Francisco, PFT, Ph.D., Angel T. Bautista VII, Ph.D., thesis adviser.</subfield>
  </datafield>
  <datafield tag="264" ind1=" " ind2="1">
   <subfield code="a">Quezon City</subfield>
   <subfield code="b">College of Home Economics, University of the Philippines Diliman</subfield>
   <subfield code="c">[2023]</subfield>
  </datafield>
  <datafield tag="300" ind1=" " ind2=" ">
   <subfield code="a">ix, 92 leaves</subfield>
   <subfield code="b">illustrations</subfield>
   <subfield code="c">28 cm.</subfield>
  </datafield>
  <datafield tag="336" ind1=" " ind2=" ">
   <subfield code="a">text</subfield>
   <subfield code="2">rdacontent</subfield>
  </datafield>
  <datafield tag="337" ind1=" " ind2=" ">
   <subfield code="a">unmediated</subfield>
   <subfield code="2">rdamedia</subfield>
  </datafield>
  <datafield tag="338" ind1=" " ind2=" ">
   <subfield code="a">volume</subfield>
   <subfield code="2">rdacarrier</subfield>
  </datafield>
  <datafield tag="502" ind1=" " ind2=" ">
   <subfield code="a">Thesis (Bachelor of Science in Food Technology) -- University of the Philippines Diliman</subfield>
   <subfield code="d">July 2023.</subfield>
  </datafield>
  <datafield tag="504" ind1=" " ind2=" ">
   <subfield code="a">Bibliography: pages 63-82</subfield>
  </datafield>
  <datafield tag="506" ind1="0" ind2=" ">
   <subfield code="a">Thesis classification: P</subfield>
  </datafield>
  <datafield tag="520" ind1="0" ind2=" ">
   <subfield code="a">This study explored the use of laser-induced breakdown spectroscopy (LIBS) as a rapid authenticity screening method for Philippine honey. The LIBS method and logistic regression modeling were conducted on pure honey from Apis mellifera and pure adulterant syrups such as coconut sap, agave, rice, beet sugar, and fructooligosaccharide syrups. Results show that out of the 12 identified elements in pure honey and pure adulterant syrups, the major elements (&gt;0.4 wt%) were Si, Cu, Fe, Ti, C, Mg, Al, Ba, and Cr, the minor element (0.1–0.4 wt%) was Ca, and the trace elements (&lt;0.1 wt%) were Be and Li. Univariate analysis of pure honey and pure adulterant syrups using an unpaired t-test with Welch's Correction revealed significant differences in Ca, Mg, and Si values. Multivariate analysis using glm and stepAIC functions for variable selection revealed that C, Fe, and Mg were the ideal key predictor variables in the model to differentiate adulterated and pure honey samples. The initial model produced test error estimates of 0.1310-0.01314 and an accuracy of 86.86-86.89%, which was improved using Ca-Mg-Si variables, yielding test error estimates of 0.0928-0.0929 and an accuracy range of 90.70-90.71%. However, the C-Fe-Mg variables produced a more superior predictive model with test error estimates of 0.0860-0.0861 and an accuracy range of 91.39-91.40%. This study concluded the application of C, Fe, and Mg variables in predicting honey adulterations with C3, C4, and CAM sugar syrups.</subfield>
  </datafield>
  <datafield tag="650" ind1=" " ind2="0">
   <subfield code="a">Food adulteration and inspection </subfield>
   <subfield code="z">Philippines.</subfield>
  </datafield>
  <datafield tag="650" ind1=" " ind2="0">
   <subfield code="a">Laser-induced breakdown spectroscopy </subfield>
   <subfield code="z">Philippines.</subfield>
  </datafield>
  <datafield tag="650" ind1=" " ind2="0">
   <subfield code="a">Honey</subfield>
   <subfield code="z">Philippines.</subfield>
  </datafield>
  <datafield tag="700" ind1="1" ind2=" ">
   <subfield code="a">Francisco, Maria Leonora Lotis dL. </subfield>
   <subfield code="e">thesis adviser.</subfield>
  </datafield>
  <datafield tag="700" ind1="1" ind2=" ">
   <subfield code="a">Bautista, Angel T., VII</subfield>
   <subfield code="e">thesis adviser.</subfield>
  </datafield>
  <datafield tag="905" ind1=" " ind2=" ">
   <subfield code="a">FI</subfield>
  </datafield>
  <datafield tag="905" ind1=" " ind2=" ">
   <subfield code="a">UP</subfield>
  </datafield>
  <datafield tag="852" ind1="0" ind2=" ">
   <subfield code="a">UPD</subfield>
   <subfield code="b">DCHE</subfield>
   <subfield code="h">LG 993.5 2023 F66</subfield>
   <subfield code="i">A26</subfield>
  </datafield>
  <datafield tag="942" ind1=" " ind2=" ">
   <subfield code="a">Thesis</subfield>
  </datafield>
 </record>
</collection>
